Normal view
MARC view
- Prandini, Silvia
Entry Personal Name
001 - CONTROL NUMBER
- control field: 24308
003 - CONTROL NUMBER IDENTIFIER
- control field: IT-RoPau
005 - DATE AND TIME OF LATEST TRANSACTION
- control field: 20140507153844.0
008 - FIXED-LENGTH DATA ELEMENTS
- fixed length control field: 140507|| aca||aabn | a|a d
040 ## - CATALOGING SOURCE
- Original cataloging agency: IT-RoPau
- Transcribing agency: IT-RoPau
100 ## - HEADING--PERSONAL NAME
- Personal name: Prandini, Silvia
670 ## - SOURCE DATA FOUND
- Source citation: Work cat.: (IT-RoPau)12805: Prandini, Silvia, Girolamo , 2000